000 00515nam a22001457a 4500
999 _c20276
_d20276
008 240513b ||||| |||| 00| 0 eng d
082 _aDFil 570
_bR22 2004
100 _aCanque, Warlita .Camasura.
_957083
245 _aThe basic elements of biology
_cWarlita Camasura-Canque.
260 _aLas Piñas, Manila :
_bNeru Publication and Distribution,
_c©2004.
300 _aiii, 133 pages :
_billustrations ;
_c27 cm.
500 _aIncludes glossary and bibliography.
650 _aBiology.
_957306
942 _2ddc
_cDFIL